[Event "Vrsar Spring op"]
[Site "Vrsar"]
[Date "2024.04.01"]
[Round "3"]
[White "Ghersinich, Enrico"]
[Black "Grbac, Ivica"]
[Result "1-0"]
[WhiteElo "2220"]
[BlackElo "2073"]
[PlyCount "77"]
[EventDate "2024.04.01"]
[EventType "swiss"]
[EventRounds "9"]
[EventCountry "CRO"]
[SourceTitle "CB16_2024"]
[SourceDate "2024.04.17"]
[SourceVersion "1"]
[SourceVersionDate "2024.04.17"]
[SourceQuality "1"]

1. d4 c5 2. dxc5 e6 3. Nc3 Bxc5 4. Ne4 d5 5. Nxc5 Qa5+ 6. Bd2 Qxc5 7. Nf3 Nf6 8. e3 Nc6 9. Rc1 e5 10. c4 e4 11. cxd5 Qxd5 12. Bc4 Qh5 13. Ng1 Bg4 14. Qb3 0-0 15. Ne2 Na5 16. Bxa5 Bxe2 17. Bc3 Bxc4 18. Qxc4 Rac8 19. Qa4 Qg6 20. 0-0 a6 21. Rcd1 Rc6 22. Qb4 b5 23. a4 bxa4 24. Qxa4 Re6 25. Ra1 h5 26. Qc4 h4 27. h3 Nh7 28. Ra5 Rd8 29. Qc7 Red6 30. Rxa6 Nf8 31. Rxd6 Qxd6 32. Qb7 Qd3 33. Ra1 Rd7 34. Qb8 Rd8 35. Qe5 Ne6 36. Qh5 Qc2 37. Qxh4 f6 38. Qg4 Qd2 39. Re1 1-0

[Event "Vrsar Spring op"]
[Site "Vrsar"]
[Date "2024.04.01"]
[Round "4"]
[White "Grbac, Ivica"]
[Black "Soldo, Dario"]
[Result "1-0"]
[WhiteElo "2073"]
[BlackElo "1958"]
[PlyCount "59"]
[EventDate "2024.04.01"]
[EventType "swiss"]
[EventRounds "9"]
[EventCountry "CRO"]
[SourceTitle "CB16_2024"]
[SourceDate "2024.04.17"]
[SourceVersion "1"]
[SourceVersionDate "2024.04.17"]
[SourceQuality "1"]

1. d4 d5 2. Nc3 Nf6 3. Bf4 e6 4. e3 a6 5. Bd3 c5 6. dxc5 Bxc5 7. Nf3 Nc6 8. 0-0 0-0 9. e4 Nb4 10. e5 Nxd3 11. Qxd3 Nh5 12. Ng5 g6 13. Bd2 Bd7 14. Qh3 Be7 15. Nf3 Ng7 16. Rad1 Rc8 17. Bh6 Re8 18. Nd4 Bg5 19. Bxg5 Qxg5 20. Nxd5 exd5 21. Qxd7 Qxe5 22. Qxb7 Rc4 23. c3 Rb8 24. Qxa6 Rxb2 25. Nc6 Qe8 26. Nb4 Qe2 27. Nxd5 Rxa2 28. Nf6+ Kf8 29. Rd8+ Ke7 30. Qd6# 1-0

[Event "Vrsar Spring op"]
[Site "Vrsar"]
[Date "2024.04.01"]
[Round "5"]
[White "Jocev, Milan"]
[Black "Grbac, Ivica"]
[Result "1-0"]
[WhiteElo "2254"]
[BlackElo "2073"]
[PlyCount "102"]
[EventDate "2024.04.01"]
[EventType "swiss"]
[EventRounds "9"]
[EventCountry "CRO"]
[SourceTitle "CB16_2024"]
[SourceDate "2024.04.17"]
[SourceVersion "1"]
[SourceVersionDate "2024.04.17"]
[SourceQuality "1"]

1. d4 c5 2. d5 Nf6 3. Nc3 d6 4. e4 g6 5. Nf3 Bg4 6. h3 Bxf3 7. Qxf3 Bg7 8. Be2 Nbd7 9. 0-0 a6 10. a4 0-0 11. Re1 Nh5 12. g4 Nhf6 13. Qg3 Ne8 14. g5 f5 15. exf5 Rxf5 16. Bg4 Rf8 17. Kg2 Nc7 18. f4 Kh8 19. Qd3 c4 20. Qxc4 Nc5 21. a5 b5 22. axb6 Nb5 23. Nxb5 axb5 24. Rxa8 Qxa8 25. Qxb5 Qxd5+ 26. Bf3 Qf5 27. b7 Qxc2+ 28. Re2 Qxc1 29. b8Q Qxf4 30. Rf2 Qxg5+ 31. Bg4 Qd5+ 32. Kg1 Rxb8 33. Qxb8+ Qg8 34. Qxg8+ Kxg8 35. Rc2 Bd4+ 36. Kf1 h5 37. Bf3 Kf7 38. b4 Na4 39. Rc4 e5 40. Bd5+ Kf6 41. Rc6 Nb6 42. Rxd6+ Kf5 43. Bf7 g5 44. Bxh5 Nc4 45. Bg4+ Ke4 46. Rg6 Ne3+ 47. Ke2 Nxg4 48. hxg4 Kf4 49. b5 Kxg4 50. b6 Kf5 51. b7 Bb6 1-0

[Event "Vrsar Spring op"]
[Site "Vrsar"]
[Date "2024.04.01"]
[Round "1"]
[White "Mohr, Pablo"]
[Black "Grbac, Ivica"]
[Result "0-1"]
[WhiteElo "1835"]
[BlackElo "2073"]
[PlyCount "51"]
[EventDate "2024.04.01"]
[EventType "swiss"]
[EventRounds "9"]
[EventCountry "CRO"]
[SourceTitle "CB16_2024"]
[SourceDate "2024.04.17"]
[SourceVersion "1"]
[SourceVersionDate "2024.04.17"]
[SourceQuality "1"]

1. d4 c5 2. Nf3 e6 3. e3 Nf6 4. c3 Be7 5. Bd3 d5 6. 0-0 0-0 7. Nbd2 c4 8. Be2 b5 9. b3 Bb7 10. a4 a6 11. Ba3 Nc6 12. Qc2 Qc7 13. Bxe7 Nxe7 14. axb5 axb5 15. Ne5 Nd7 16. Nxd7 Qxd7 17. e4 f5 18. exd5 Nxd5 19. bxc4 Nf4 20. Nf3 bxc4 21. Bxc4 Qc6 22. Qb3 Kh8 23. Qb5 Rfb8 24. Qb3 Rf8 25. Be2 Kg8 26. Ne1 0-1

[Event "CRO-chT1B 30th"]
[Site "Porec"]
[Date "2022.09.28"]
[Round "5.34"]
[White "Grbac, Ivica"]
[Black "Drmic, Tomislav"]
[Result "0-1"]
[WhiteElo "2114"]
[BlackElo "2254"]
[PlyCount "94"]
[EventDate "2022.09.24"]
[EventType "team-tourn"]
[EventRounds "9"]
[EventCountry "CRO"]
[SourceTitle "CBM 210 Extra"]
[Source "ChessBase"]
[SourceDate "2022.11.30"]
[SourceVersion "1"]
[SourceVersionDate "2022.11.30"]
[SourceQuality "1"]
[WhiteTeam "Porec Gortan"]
[BlackTeam "Djakovo Limmont"]
[WhiteTeamCountry "CRO"]
[BlackTeamCountry "CRO"]

1. e4 e6 2. f4 d5 3. e5 Ne7 4. c3 Qd7 5. Nf3 b6 6. d4 Nf5 7. Bd3 Ba6 8. 0-0 Bxd3 9. Qxd3 h5 10. a4 c5 11. b3 Nc6 12. Ba3 Be7 13. Nbd2 Rc8 14. Rfc1 0-0 15. Bb2 Na5 16. Qe2 Rc7 17. Kh1 g6 18. dxc5 bxc5 19. Rg1 Kg7 20. g4 hxg4 21. Rxg4 Rb7 22. Rag1 Rh8 23. b4 cxb4 24. Nd4 Nxd4 25. cxd4 Rc7 26. R4g2 Nc4 27. f5 exf5 28. e6 Qd6 29. exf7 Rh6 30. Bc1 f4 31. Nxc4 Rxc4 32. Bxf4 Qxf4 33. Qxe7 Qxf7 34. Qe5+ Kh7 35. Re1 Rc7 36. Kg1 Rh5 37. Qd6 a5 38. Rf1 Rf5 39. Re1 Qg7 40. Kh1 Rcf7 41. Reg1 g5 42. Qd8 Qxd4 43. h4 Rf4 44. Qxg5 Rxh4+ 45. Rh2 Qe4+ 46. Qg2 Qxg2+ 47. Kxg2 Rg7+ 0-1

[Event "CRO-chT2 West"]
[Site "Croatia"]
[Date "2014.11.16"]
[Round "8.23"]
[White "Fattorich, Igor"]
[Black "Grbac, Ivica"]
[Result "0-1"]
[WhiteElo "2012"]
[BlackElo "2128"]
[PlyCount "60"]
[EventDate "2014.03.15"]
[EventType "team-tourn"]
[EventRounds "9"]
[EventCountry "CRO"]
[SourceTitle "EXT 2019"]
[Source "ChessBase"]
[SourceDate "2018.10.10"]
[SourceVersion "1"]
[SourceVersionDate "2018.10.10"]
[SourceQuality "1"]
[WhiteTeam "Rovinj Batana"]
[BlackTeam "Porec Gortan"]
[WhiteTeamCountry "CRO"]
[BlackTeamCountry "CRO"]

1. d4 c5 2. e3 e6 3. Nf3 Nf6 4. b3 Nc6 5. Bb2 a6 6. Bd3 b5 7. 0-0 Bb7 8. Nbd2 d5 9. c4 Qb6 10. dxc5 Bxc5 11. cxd5 Nb4 12. Bb1 Nbxd5 13. Ng5 Nxe3 14. fxe3 Bxe3+ 15. Kh1 Bxg5 16. Nf3 Rd8 17. Qe1 Bxf3 18. Rxf3 h6 19. Bc3 b4 20. Bb2 Rd5 21. Bd3 Ng4 22. Rd1 Be3 23. Qg3 Rg5 24. Qh4 Nf2+ 25. Rxf2 Bxf2 26. Qe4 Ke7 27. Rf1 Rd8 28. Qf3 Rxd3 29. Qxd3 f6 30. Qe2 Rf5 0-1

[Event "CRO-chT2 West"]
[Site "Croatia"]
[Date "2014.03.16"]
[Round "3.43"]
[White "Oljaca, Manuel"]
[Black "Grbac, Ivica"]
[Result "0-1"]
[WhiteElo "1998"]
[BlackElo "2128"]
[PlyCount "78"]
[EventDate "2014.03.15"]
[EventType "team-tourn"]
[EventRounds "9"]
[EventCountry "CRO"]
[SourceTitle "EXT 2019"]
[Source "ChessBase"]
[SourceDate "2018.10.10"]
[SourceVersion "1"]
[SourceVersionDate "2018.10.10"]
[SourceQuality "1"]
[WhiteTeam "Mali Losinj"]
[BlackTeam "Porec Gortan"]
[WhiteTeamCountry "CRO"]
[BlackTeamCountry "CRO"]

1. d4 c5 2. d5 e6 3. c4 exd5 4. cxd5 d6 5. Nc3 Nf6 6. h3 a6 7. a4 Be7 8. Bf4 0-0 9. Nf3 Re8 10. e3 b6 11. Bc4 Bb7 12. 0-0 Nbd7 13. e4 Bf8 14. Re1 h6 15. Qd3 Nh5 16. Bh2 Qf6 17. Qe3 g5 18. b3 Bg7 19. Rac1 Nf4 20. Bxf4 gxf4 21. Qd2 Ne5 22. Nxe5 Rxe5 23. f3 h5 24. Bf1 Rae8 25. Nb1 Bc8 26. Na3 Rg5 27. Kh2 Qg6 28. Nc4 Bd4 29. Bd3 Qf6 30. Nxb6 Kh8 31. Bb1 Bxh3 32. gxh3 Reg8 33. Re2 Rg3 34. Qd1 Qg5 35. Qf1 Rg1 36. Qxg1 Bxg1+ 37. Kh1 Qg3 38. Rcc2 Qxh3+ 39. Rh2 Bxh2 0-1

[Event "CRO-chT2 West"]
[Site "Croatia"]
[Date "2013.10.20"]
[Round "9.43"]
[White "Grbac, Ivica"]
[Black "Cucancic, Sinisa"]
[Result "1/2-1/2"]
[WhiteElo "2109"]
[BlackElo "2256"]
[PlyCount "71"]
[EventDate "2013.03.16"]
[EventType "team-tourn"]
[EventRounds "9"]
[EventCountry "CRO"]
[SourceTitle "EXT 2019"]
[Source "ChessBase"]
[SourceDate "2018.10.10"]
[SourceVersion "1"]
[SourceVersionDate "2018.10.10"]
[SourceQuality "1"]
[WhiteTeam "Porec Gortan"]
[BlackTeam "Karlobag"]
[WhiteTeamCountry "CRO"]
[BlackTeamCountry "CRO"]

1. e4 Nf6 2. e5 Nd5 3. d4 d6 4. f4 dxe5 5. fxe5 Bf5 6. c3 e6 7. Nf3 Be7 8. Bd3 Bxd3 9. Qxd3 0-0 10. 0-0 c5 11. Bd2 Nc6 12. Na3 Rc8 13. Nc2 Qb6 14. Rab1 cxd4 15. cxd4 f6 16. Kh1 f5 17. a3 Na5 18. Ng1 Qb3 19. Ne1 Qxd3 20. Nxd3 Nb3 21. Nf3 Rc4 22. Bc3 Bxa3 23. Rfd1 Be7 24. Nd2 Nxd2 25. Rxd2 b5 26. Rdd1 Rxc3 27. bxc3 Nxc3 28. Nf4 Kf7 29. d5 Nxd1 30. dxe6+ Kg8 31. Rxd1 Rc8 32. g3 Bg5 33. Ne2 Rc2 34. Nf4 Rc8 35. Ne2 Rc2 36. Nf4 1/2-1/2

[Event "CRO-chT2 West"]
[Site "Croatia"]
[Date "2013.10.20"]
[Round "8.23"]
[White "Krsnik Cohar, Ivan Vihor"]
[Black "Grbac, Ivica"]
[Result "1-0"]
[WhiteElo "2046"]
[BlackElo "2109"]
[PlyCount "65"]
[EventDate "2013.03.16"]
[EventType "team-tourn"]
[EventRounds "9"]
[EventCountry "CRO"]
[SourceTitle "EXT 2019"]
[Source "ChessBase"]
[SourceDate "2018.10.10"]
[SourceVersion "1"]
[SourceVersionDate "2018.10.10"]
[SourceQuality "1"]
[WhiteTeam "Rijeka Kvarner"]
[BlackTeam "Porec Gortan"]
[WhiteTeamCountry "CRO"]
[BlackTeamCountry "CRO"]

1. d4 c5 2. c3 e6 3. Nf3 Nf6 4. Bg5 cxd4 5. Nxd4 Be7 6. Nd2 Nc6 7. e3 d5 8. Bd3 0-0 9. 0-0 Ne5 10. Bc2 Ned7 11. f4 e5 12. Nf5 exf4 13. Rxf4 Bc5 14. Kh1 Qb6 15. Nb3 Bxe3 16. Rb4 Bxg5 17. Rxb6 Nxb6 18. Nbd4 Ne4 19. Bxe4 dxe4 20. Qg4 Bf6 21. Qxe4 Nc4 22. b3 Ne5 23. Re1 Rb8 24. Ng3 Ng4 25. Qf4 Bd7 26. h3 Bxd4 27. Qxd4 Nf6 28. Rf1 Rfd8 29. Rxf6 gxf6 30. Nh5 Bc6 31. Nxf6+ Kg7 32. Qe5 Rbc8 33. Nd5+ 1-0

[Event "CRO-chT2 West"]
[Site "Croatia"]
[Date "2013.03.17"]
[Round "2.32"]
[White "Muhvic, Damir"]
[Black "Grbac, Ivica"]
[Result "0-1"]
[WhiteElo "2243"]
[BlackElo "2109"]
[PlyCount "106"]
[EventDate "2013.03.16"]
[EventType "team-tourn"]
[EventRounds "9"]
[EventCountry "CRO"]
[SourceTitle "EXT 2019"]
[Source "ChessBase"]
[SourceDate "2018.10.10"]
[SourceVersion "1"]
[SourceVersionDate "2018.10.10"]
[SourceQuality "1"]
[WhiteTeam "Rijeka CC II"]
[BlackTeam "Porec Gortan"]
[WhiteTeamCountry "CRO"]
[BlackTeamCountry "CRO"]

1. d4 c5 2. d5 e6 3. c4 exd5 4. cxd5 d6 5. e4 Nf6 6. Nc3 Be7 7. f4 0-0 8. Nf3 Re8 9. Bd3 a6 10. a4 Bg4 11. 0-0 Bf8 12. h3 Bxf3 13. Qxf3 Nbd7 14. a5 Rc8 15. Bc4 g6 16. Bd2 Bg7 17. Rfe1 Rb8 18. Re2 Qc7 19. Na4 Re7 20. Rae1 Rbe8 21. Qd3 Qb8 22. Bc3 Nh5 23. g3 Bxc3 24. Qxc3 Nhf6 25. Bd3 Nh5 26. Kg2 f6 27. b4 Rc8 28. bxc5 Nxc5 29. Nb6 Rce8 30. Bc2 Qc7 31. Qd4 Rf8 32. Nc4 Nd7 33. Bd1 Ng7 34. Re3 Rd8 35. Bg4 Ne8 36. Be6+ Kg7 37. Bxd7 Qxd7 38. g4 Kg8 39. Rb1 Qa4 40. Qd3 Rc8 41. Nb6 Rc2+ 42. Kg3 Qa2 43. Rg1 Rh2 44. Rf3 Re2 45. e5 Rd2 46. Qc3 Rc7 47. Qe3 Re2 48. Qd3 Rcc2 49. exd6 Nxd6 50. Re3 Rg2+ 51. Rxg2 Rxg2+ 52. Kh4 Qf2+ 53. Rg3 Ne4 0-1

[Event "CRO-chT2 West"]
[Site "Croatia"]
[Date "2013.03.16"]
[Round "1.32"]
[White "Grbac, Ivica"]
[Black "Tirkajla, Boris"]
[Result "1-0"]
[WhiteElo "2109"]
[BlackElo "2151"]
[PlyCount "105"]
[EventDate "2013.03.16"]
[EventType "team-tourn"]
[EventRounds "9"]
[EventCountry "CRO"]
[SourceTitle "EXT 2019"]
[Source "ChessBase"]
[SourceDate "2018.10.10"]
[SourceVersion "1"]
[SourceVersionDate "2018.10.10"]
[SourceQuality "1"]
[WhiteTeam "Porec Gortan"]
[BlackTeam "Mali Losinj"]
[WhiteTeamCountry "CRO"]
[BlackTeamCountry "CRO"]

1. e4 g6 2. Nc3 Bg7 3. g3 d6 4. Bg2 e5 5. d3 Ne7 6. f4 0-0 7. Nf3 c6 8. fxe5 dxe5 9. Be3 f6 10. Qd2 Be6 11. h4 h5 12. a3 Qa5 13. 0-0 Kh7 14. Qf2 Nd7 15. b4 Qc7 16. d4 Bg4 17. Ne2 Bxf3 18. Bxf3 f5 19. Qg2 a5 20. c3 Nb6 21. dxe5 Nc4 22. Bd4 Bxe5 23. Rfe1 Nd2 24. Bxe5 Nxf3+ 25. Qxf3 Qxe5 26. Nf4 Rf7 27. Rad1 axb4 28. axb4 fxe4 29. Rxe4 Qf5 30. c4 Ng8 31. Rde1 Nf6 32. Re5 Qg4 33. Qd3 Rd8 34. Qe3 Rd1 35. Ne6 Rxe1+ 36. Qxe1 Kg8 37. Rg5 Qxc4 38. Rxg6+ Kh7 39. Rg5 Ne4 40. Re5 Nxg3 41. Ng5+ Kg7 42. Nxf7 Qxh4 43. Rg5+ Kxf7 44. Rxg3 Qd4+ 45. Qf2+ Qxf2+ 46. Kxf2 Ke6 47. Rc3 Kd6 48. Rc5 h4 49. Rh5 h3 50. Rxh3 Kd5 51. Rh4 c5 52. Ke3 b6 53. Kd3 1-0

[Event "CRO-chT2 West"]
[Site "Rijeka"]
[Date "2012.04.22"]
[Round "6.33"]
[White "Grbac, Ivica"]
[Black "Muslija, Idris"]
[Result "0-1"]
[WhiteElo "2118"]
[BlackElo "2228"]
[PlyCount "108"]
[EventDate "2012.03.17"]
[EventType "team-tourn"]
[EventRounds "9"]
[EventCountry "CRO"]
[SourceTitle "EXT 2013"]
[Source "ChessBase"]
[SourceDate "2012.11.22"]
[SourceVersion "1"]
[SourceVersionDate "2012.11.22"]
[SourceQuality "1"]

1. e4 c5 2. Nc3 e6 3. g3 Nc6 4. Bg2 g6 5. d3 Bg7 6. f4 d6 7. Nf3 Nge7 8. Be3 Nd4 9. 0-0 Qc7 10. Rb1 Bd7 11. Ne2 Nxf3+ 12. Bxf3 0-0 13. c3 Bc6 14. d4 b6 15. d5 exd5 16. exd5 Bb5 17. Bf2 Rfe8 18. g4 f5 19. h3 Qb7 20. Re1 Bc4 21. Ng3 fxg4 22. hxg4 Rf8 23. b3 Ba6 24. Qd2 Bh6 25. g5 Bxg5 26. Bg4 Bxf4 27. Be6+ Kg7 28. Qb2 Nxd5 29. Bxd5 Qxd5 30. c4+ Qe5 31. Rxe5 Bxe5 32. Qd2 Rf3 33. Ne4 Raf8 34. Rf1 Bb7 35. Ng5 R3f6 36. Qe2 h6 37. Ne4 Rf4 38. Nd2 h5 39. Bg3 Rg4 40. Rxf8 Rxg3+ 41. Kf1 Kxf8 42. Ne4 Rg4 43. Nf2 Rf4 44. Qd2 Kg7 45. Ke2 Bf3+ 46. Kf1 Rf6 47. Nd3 Bd4 48. Qg5 Bg4+ 49. Kg2 Bf5 50. Nf4 Be4+ 51. Kh3 Kf7 52. Ne2 Rf3+ 53. Kh2 Rf2+ 54. Kh3 Bf5+ 0-1

[Event "CRO-chT2 West"]
[Site "Rijeka"]
[Date "2012.03.18"]
[Round "3.24"]
[White "Grbac, Ivica"]
[Black "Grguric, Domagoj"]
[Result "1/2-1/2"]
[WhiteElo "2118"]
[BlackElo "1973"]
[PlyCount "153"]
[EventDate "2012.03.17"]
[EventType "team-tourn"]
[EventRounds "9"]
[EventCountry "CRO"]
[SourceTitle "EXT 2013"]
[Source "ChessBase"]
[SourceDate "2012.11.22"]
[SourceVersion "1"]
[SourceVersionDate "2012.11.22"]
[SourceQuality "1"]

1. e4 Nf6 2. e5 Nd5 3. d4 d6 4. c4 Nb6 5. exd6 exd6 6. Be3 Nc6 7. Nf3 Bg4 8. Nbd2 Be7 9. Be2 0-0 10. 0-0 Bf6 11. h3 Bh5 12. Rc1 Bg6 13. a3 a5 14. b3 Re8 15. d5 Ne7 16. Bd4 Nd7 17. Bxf6 Nxf6 18. Nh4 Qd7 19. Re1 h6 20. Nxg6 Nxg6 21. Qc2 Re7 22. Bd3 Ne5 23. Bf5 Qe8 24. Qc3 b6 25. Re3 Ned7 26. Rce1 Rxe3 27. Rxe3 Qf8 28. Nf3 Re8 29. Nd4 Rxe3 30. Qxe3 Ne5 31. f4 Ned7 32. Nb5 Qd8 33. b4 axb4 34. axb4 Kf8 35. Kf2 Ne8 36. Nd4 Nef6 37. g3 g6 38. Bxg6 b5 39. Bf5 bxc4 40. Nc6 Qe8 41. Qd4 Kg7 42. g4 Kg8 43. g5 hxg5 44. fxg5 Nh7 45. g6 Nhf8 46. gxf7+ Kxf7 47. Qg4 Nf6 48. Be6+ Nxe6 49. dxe6+ Kf8 50. Qf5 Kg7 51. Nd4 Qh5 52. Qf4 Kg6 53. Nf3 c3 54. Qg3+ Kh6 55. Qf4+ Kg6 56. Nh4+ Kg7 57. Nf5+ Kg6 58. Nh4+ Kg7 59. e7 Qe5 60. Nf5+ Kf7 61. Qxe5 dxe5 62. Ke3 Ke6 63. Ng3 Kxe7 64. Kd3 Nd5 65. Ne4 Nxb4+ 66. Kxc3 Nd5+ 67. Kc4 Nf4 68. h4 Ke6 69. Kc5 Kf5 70. Nc3 Ne6+ 71. Kc6 e4 72. h5 e3 73. h6 Kg6 74. Kd5 Ng5 75. Kd4 c5+ 76. Kxe3 Kxh6 77. Kd3 1/2-1/2

[Event "CRO-chT2 West"]
[Site "Rijeka"]
[Date "2012.03.17"]
[Round "1.14"]
[White "Crnkovic, Zdravko"]
[Black "Grbac, Ivica"]
[Result "0-1"]
[WhiteElo "2071"]
[BlackElo "2118"]
[PlyCount "76"]
[EventDate "2012.03.17"]
[EventType "team-tourn"]
[EventRounds "9"]
[EventCountry "CRO"]
[SourceTitle "EXT 2013"]
[Source "ChessBase"]
[SourceDate "2012.11.22"]
[SourceVersion "1"]
[SourceVersionDate "2012.11.22"]
[SourceQuality "1"]

1. e4 c5 2. f4 e6 3. Nf3 a6 4. d3 d6 5. c3 Nc6 6. Na3 Nf6 7. Nc2 Be7 8. Be2 0-0 9. 0-0 b5 10. e5 Nd7 11. d4 Bb7 12. Be3 f6 13. d5 Na5 14. dxe6 Nb6 15. exd6 Bxd6 16. b4 cxb4 17. cxb4 Nac4 18. a3 Nxe3 19. Nxe3 Bxf4 20. Nf5 Nd5 21. Qb3 Re8 22. N3d4 Qb6 23. Rad1 Kh8 24. Bf3 Rad8 25. Kh1 Be5 26. Nxg7 Kxg7 27. Nf5+ Kf8 28. Bxd5 Bxd5 29. Rxd5 Qxe6 30. Qh3 Qf7 31. Rxd8 Rxd8 32. Nh6 Qc4 33. Qf5 Rd4 34. Qf3 Rf4 35. Qa8+ Kg7 36. Nf5+ Rxf5 37. Qa7+ Kg6 38. Rxf5 Qc1+ 0-1

[Event "Porec op"]
[Site "Porec"]
[Date "2010.12.05"]
[Round "7"]
[White "Saric, Husnija"]
[Black "Grbac, Ivica"]
[Result "0-1"]
[WhiteElo "1782"]
[BlackElo "2089"]
[PlyCount "104"]
[EventDate "2010.12.02"]
[EventType "swiss"]
[EventRounds "7"]
[EventCountry "CRO"]
[SourceTitle "CBM 139 Extra"]
[Source "ChessBase"]
[SourceDate "2011.01.05"]
[SourceVersion "1"]
[SourceVersionDate "2011.01.05"]
[SourceQuality "1"]

1. d4 c5 2. dxc5 e6 3. Nf3 Bxc5 4. e3 Nf6 5. Bd3 Nc6 6. 0-0 h6 7. a3 a6 8. b4 Ba7 9. Bb2 b5 10. Nbd2 d5 11. Ne5 Nxe5 12. Bxe5 Bb7 13. Qf3 Rc8 14. Nb3 Qe7 15. Nd4 Nd7 16. Bxg7 Rg8 17. Bxh6 Qh4 18. Bf4 Bb8 19. Bg3 Qh6 20. e4 Ne5 21. Qe2 Ng4 22. e5 Qh8 23. f4 Ba7 24. Bxb5+ axb5 25. Qxb5+ Bc6 26. Qd3 Nh6 27. Bf2 Ng4 28. h3 Nxf2 29. Rxf2 Qh4 30. c3 Bd7 31. Rf3 Rc4 32. Kh2 Ke7 33. g3 Qh6 34. f5 Bxd4 35. f6+ Kd8 36. cxd4 Ba4 37. Ra2 Kd7 38. h4 Rgc8 39. Rf4 Bc2 40. Rxc2 Rxc2+ 41. Kh3 R8c4 42. Qb3 Qh5 43. Qa4+ Rc6 44. b5 R6c4 45. Qa7+ Rc7 46. Qb6 Rc1 47. Qd6+ Kc8 48. Qa6+ Kd8 49. Qd6+ Ke8 50. b6 Rh1+ 51. Kg2 Qe2+ 52. Kxh1 Rc1+ 0-1

[Event "CRO-chT2 West"]
[Site "Croatia"]
[Date "2010.04.25"]
[Round "5.51"]
[White "Grbac, Ivica"]
[Black "Derencinovic, Radoslav"]
[Result "1-0"]
[WhiteElo "2089"]
[BlackElo "1919"]
[PlyCount "69"]
[EventDate "2010.03.27"]
[EventType "team-tourn"]
[EventRounds "9"]
[EventCountry "CRO"]
[SourceTitle "EXT 2012"]
[Source "ChessBase"]
[SourceDate "2011.11.24"]
[SourceVersion "1"]
[SourceVersionDate "2011.11.24"]
[SourceQuality "1"]

1. e4 g6 2. d4 d6 3. f4 Bg7 4. Nf3 Bg4 5. Be3 c5 6. c3 cxd4 7. Bxd4 Nf6 8. Nbd2 Nc6 9. Bb5 0-0 10. Bxc6 bxc6 11. h3 Bxf3 12. Qxf3 c5 13. Be3 Rb8 14. Rb1 Qa5 15. a3 Qb5 16. c4 Qa4 17. 0-0 Nd7 18. f5 Ne5 19. Qe2 Qc2 20. b4 cxb4 21. axb4 Rb7 22. Rfc1 Qd3 23. Qf2 Qa3 24. Ra1 Qb2 25. Rcb1 Qc2 26. Rc1 Qb2 27. Bd4 Qxd4 28. Qxd4 Nf3+ 29. Nxf3 Bxd4+ 30. Nxd4 Rxb4 31. Rxa7 gxf5 32. Nxf5 h5 33. Rxe7 Rb2 34. Nxd6 Ra8 35. Re8+ 1-0

[Event "Porec op"]
[Site "Porec"]
[Date "2009.12.03"]
[Round "1"]
[White "Franic, Milan"]
[Black "Grbac, Ivica"]
[Result "1-0"]
[WhiteElo "2412"]
[BlackElo "2056"]
[PlyCount "79"]
[EventDate "2009.12.03"]
[EventType "swiss"]
[EventRounds "7"]
[EventCountry "CRO"]
[SourceTitle "CBM 133 Extra"]
[Source "ChessBase"]
[SourceDate "2010.01.05"]
[SourceVersion "1"]
[SourceVersionDate "2010.01.05"]
[SourceQuality "1"]

1. c4 Nf6 2. Nc3 g6 3. e4 d6 4. d4 Bg7 5. Be2 0-0 6. Be3 Nbd7 7. g4 e5 8. d5 Nc5 9. f3 h5 10. h3 c6 11. b4 Na6 12. a3 c5 13. Rb1 Kh7 14. Bd3 Ng8 15. Qd2 b6 16. Nge2 Qf6 17. f4 exf4 18. Bxf4 Qh4+ 19. Bg3 Qe7 20. gxh5 Be5 21. hxg6+ fxg6 22. Qe3 Qf6 23. Nd1 Qf3 24. Qxf3 Rxf3 25. Bxe5 dxe5 26. Kd2 Bd7 27. Ne3 Kg7 28. h4 Raf8 29. b5 Nc7 30. Rbg1 Kh6 31. Rg5 Nf6 32. Rhg1 Rg8 33. Rxe5 Nce8 34. Rg3 Rf2 35. Re7 Nd6 36. Ke1 Rh2 37. e5 Nde4 38. Rg2 Rh1+ 39. Rg1 Rh3 40. exf6 1-0

[Event "CRO-chT2a"]
[Site "Croatia"]
[Date "2009.10.04"]
[Round "8"]
[White "Lulic, Igor"]
[Black "Grbac, Ivica"]
[Result "1-0"]
[WhiteElo "2056"]
[BlackElo "2056"]
[PlyCount "49"]
[EventDate "2009.04.04"]
[EventType "team-tourn"]
[EventRounds "9"]
[EventCountry "CRO"]
[SourceTitle "EXT 2011"]
[Source "ChessBase"]
[SourceDate "2010.11.26"]
[SourceVersion "1"]
[SourceVersionDate "2010.11.26"]
[SourceQuality "1"]

1. e4 c5 2. Nf3 e6 3. c3 d6 4. d4 cxd4 5. cxd4 Nf6 6. Nc3 Be7 7. Bd3 h6 8. 0-0 0-0 9. b3 Nc6 10. a3 a6 11. Bb2 b5 12. Rc1 Bb7 13. b4 Rc8 14. Re1 Re8 15. d5 exd5 16. Nxd5 Nxd5 17. exd5 Nb8 18. Rxc8 Qxc8 19. Bb1 Qc4 20. Nd4 g6 21. Qg4 Bc8 22. Qg3 Bd7 23. Bxg6 Qxd5 24. Ne6 Bh4 25. Bxf7+ 1-0

[Event "CRO-chT2a"]
[Site "Croatia"]
[Date "2009.04.04"]
[Round "1"]
[White "Grbac, Ivica"]
[Black "Spika, Ivica"]
[Result "1/2-1/2"]
[WhiteElo "2067"]
[BlackElo "2088"]
[PlyCount "188"]
[EventDate "2009.04.04"]
[EventType "team-tourn"]
[EventRounds "9"]
[EventCountry "CRO"]
[SourceTitle "EXT 2010"]
[Source "ChessBase"]
[SourceDate "2010.11.25"]
[SourceVersion "1"]
[SourceVersionDate "2010.11.25"]
[SourceQuality "1"]

1. e4 c5 2. Nc3 e6 3. g3 Nc6 4. Bg2 a6 5. d3 d6 6. f4 g6 7. Nf3 Bg7 8. 0-0 Nge7 9. Ne2 Nd4 10. c3 Nxf3+ 11. Bxf3 Bd7 12. Be3 0-0 13. Qd2 Rb8 14. Rad1 Qa5 15. b4 cxb4 16. cxb4 Qd8 17. Rc1 Rc8 18. Rxc8 Qxc8 19. Rc1 Qb8 20. h4 Rc8 21. h5 Rxc1+ 22. Qxc1 Qc8 23. Qxc8+ Bxc8 24. hxg6 hxg6 25. d4 Bd7 26. a3 d5 27. Nc3 dxe4 28. Bxe4 Bc6 29. Kf2 Kf8 30. Ke2 Ke8 31. Kd3 Kd7 32. Bxc6+ Kxc6 33. Ne4 Nf5 34. Bf2 Nd6 35. Nd2 f5 36. Nf3 Bf6 37. a4 Kd5 38. Nd2 b5 39. axb5 axb5 40. Nb3 Ne4 41. Be1 Bg7 42. Nc5 Bxd4 43. Nxe6 Kxe6 44. Kxd4 Kd6 45. g4 Nf6 46. gxf5 gxf5 47. Bh4 Nh5 48. Be1 Ng7 49. Bc3 Ne6+ 50. Ke3 Kd5 51. Be5 Nd8 52. Kd3 Nc6 53. Bc3 Ne7 54. Be1 Ng6 55. Bg3 Nf8 56. Bf2 Nd7 57. Bd4 Nb8 58. Be3 Nc6 59. Bc5 Ke6 60. Ke3 Kf7 61. Kf2 Kf6 62. Kg3 Ke6 63. Kh4 Kd5 64. Kg5 Ke4 65. Bd6 Nd4 66. Kf6 Ne2 67. Kg5 Nc3 68. Bc5 Ne2 69. Bd6 Nd4 70. Kf6 Nb3 71. Ke6 Nd4+ 72. Kd7 Kd5 73. Be5 Nf3 74. Bf6 Ne1 75. Be7 Nd3 76. Bd6 Nb2 77. Be5 Nd3 78. Bd6 Nf2 79. Bc5 Ne4 80. Be7 Nf2 81. Bc5 Nd3 82. Bd6 Nb2 83. Be5 Nd3 84. Bd6 Nf2 85. Bc5 Ne4 86. Be7 Ng3 87. Kc7 Ne4 88. Kb6 Kc4 89. Kc6 Nf2 90. Kd6 Nd3 91. Bg5 Nxb4 92. Ke6 Na2 93. Be7 Nc3 94. Kxf5 Na4 1/2-1/2